00777nam a2200229 a 450000100060000000300080000600500170001400800410003103500190007204000270009104100080011808200220012610000340014824500440018225000130022626000470023930000290028649000300031550000190034550501700036465000130053442419BD-RjUL20211209053535.0160612r19521940enk 001 0 eng d a(BD-RjUL)42537 aANLbengcANLdBD-RjUL aeng 223bBUE 1952a3301 aBurnham, T. H.q(Thomas Hall)10aEngineering economics / cT. H. Burnham a5th. ed. aLondon :bPitman,c1940 c[reprinte 1952]. a322 p. :bill. ;c24 cm.0 aEngineering degree series aIncludes Index0 aBook I: Elements of industrial organization: 5th ed.: by T.H. Burnham and G. O. Hoskins: Book II: Factory organization and management ed: by T. H. Burnham and D. H.  aEconomic